00511nam a2200157Ia 4500008004100000041001200041082001100053100001200064245004500076260002700121300000700148650001600155942000700171999001500178952016000193221030s9999 xx 000 0 und d aEnglish a105.23 aP. Raja 0aDigital Electronics Lab Workcby P. Raja bUmesh PubaDelhic2007 a49 aBE Computer cBK c3284d3284 pBE 9129l0o105.23 r2024-06-13 00:00:00w2022-10-30yBK003Print4070aMIETLIBbMIETLIBcBL-Academic Block C, FL-2, CUP-93, SH-1, R-1d2007-12-2810HBE